00964 a2200193 45000010006000000050017000060080041000230030015000640400040000790800031001192450090001502500012002402640028002523000024002805050386003041000023006907000026007137000031007392317620260407155520.0260407a1968 arg spa dAR-UNSa-BCEJYS aAR-UNSa-BCEJYSbspacAR-UNSa-BCEJYS a330xEconomía en general10aCurso de economía modernapuna descripción análitica de la realidad económica a16a. ed 1aMadrid :bAguilarc1968 axvi, 960 p.c21 cm. a1. Conceptos básicos de economía y de la renta nacional - 2. La renta nacional: su determinación y sus fluctuaciones - 3. Los precios de la producción nacional: su composición y determinación - 4. Distribución de la renta. Formación de los precios de los factores de la producción - 5. Las finanzas y el comercio internacional - 6. Problemas económicos actuales1 aSamuelson, Paul A.1 aSampedro, José Luis1 aBarinaga Blanco, Jose Luis